Sendero Luminoso: los hondos y mortales encuentros

Gardado en:
Detalles Bibliográficos
Autor Principal: Degregori, Carlos Iván
Formato: Texto
Publicado: s.l: s.e.
Etiquetas: Engadir etiqueta
Sen Etiquetas, Sexa o primeiro en etiquetar este rexistro!

MARC

LEADER 00000 a a2200000 04500
001 25111
003
040
090 |a 181900  
100 |a Degregori, Carlos Iván  
245 |a Sendero Luminoso: los hondos y mortales encuentros  
260 |a s.l:   |b s.e.  
300 |a 40 p  
999 |c 15769  |d 15769